|
|
|
|
| LEADER |
00000npm a22000007a 4500 |
| 001 |
000003 |
| 003 |
UAHC_CL |
| 005 |
20251017153550.0 |
| 008 |
251017n |||| 00| 0 d |
| 040 |
|
|
|a UAHC_CL
|c UAHC_CL
|d UAHC_CL
|
| 245 |
1 |
0 |
|a Adaptador de audio
|
| 300 |
|
|
|a 1 adaptador
|
| 653 |
|
|
|a Adaptador de audio
|
| 900 |
|
|
|a ADAPTADOR DE AUDIO
|
| 942 |
|
|
|c DELEC
|2 ddc
|
| 952 |
|
|
|0 0
|1 0
|4 0
|6 ADAPTADOR_DE_AUDIO
|7 0
|9 101385
|a BS
|b BS
|c Referencia
|d 2025-10-17
|e Compra
|g 1500.00
|l 4
|o ADAPTADOR DE AUDIO
|p 1472495
|r 2026-04-30 16:32:23
|s 2026-04-30
|t 1
|w 2025-10-17
|y DELEC
|
| 952 |
|
|
|0 0
|1 0
|4 0
|6 ADAPTADOR_DE_AUDIO
|7 0
|9 101386
|a BS
|b BS
|c Referencia
|d 2025-10-17
|e Compra
|g 1500.00
|l 4
|o ADAPTADOR DE AUDIO
|p 1472496
|q 2026-04-29
|r 2026-04-29 14:56:57
|s 2026-04-29
|t 2
|w 2025-10-17
|y DELEC
|
| 952 |
|
|
|0 0
|1 0
|4 0
|6 ADAPTADOR_DE_AUDIO
|7 0
|9 101387
|a BS
|b BS
|c Referencia
|d 2025-10-17
|e Compra
|g 1500.00
|l 4
|o ADAPTADOR DE AUDIO
|p 1472497
|r 2026-04-23 14:43:51
|s 2026-04-23
|t 3
|w 2025-10-17
|y DELEC
|
| 999 |
|
|
|c 63099
|d 63099
|